Energías renovables no convencionales: energía sustentable para Chile
Đã lưu trong:
| Tác giả của công ty: | |
|---|---|
| Định dạng: | Sách |
| Ngôn ngữ: | Tiếng Tây Ban Nha |
| Được phát hành: |
Santiago
Colegio de Ingenieros de Chile
2010
|
| Phiên bản: | 1a. ed |
| Những chủ đề: | |
| Các nhãn: |
Thêm thẻ
Không có thẻ, Là người đầu tiên thẻ bản ghi này!
|
MARC
| LEADER | 00000nam a2200000 a 4500 | ||
|---|---|---|---|
| 001 | UCG1898 | ||
| 003 | CL-VaPUC | ||
| 008 | 100531e20100000CL |||||||||||||||||spa|d | ||
| 020 | |a 9789568753047 | ||
| 082 | 0 | 4 | |a 333.7 |b COL |2 21 |
| 110 | 2 | |a Colegio de Ingenieros de Chile |e author |9 550015 | |
| 245 | 1 | 0 | |a Energías renovables no convencionales: energía sustentable para Chile |
| 250 | |a 1a. ed | ||
| 300 | |a 186 p | ||
| 942 | |c BK | ||
| 945 | |d 20100531 00:00:00 |a rbrito | ||
| 260 | |a Santiago |b Colegio de Ingenieros de Chile |c 2010 | ||
| 650 | 7 | |a ENERGIA RENOVABLES |2 CL-VaPUC |9 525496 | |
| 650 | 0 | |a Energía eléctrica |9 256678 | |
| 650 | 0 | |a Cambio climático |9 428490 | |
| 650 | 7 | |a CENTRALES HIDROELECTRICAS |2 CL-VaPUC |9 263331 | |
| 650 | 0 | |a Energía eólica |9 316611 | |
| 650 | 0 | |a Energía eléctrica |9 256678 | |
| 650 | 7 | |a ENERGIA SOLAR |2 CL-VaPUC |9 550016 | |
| 650 | 7 | |a ENERGIA GEOTERMICA |2 CL-VaPUC |9 358260 | |
| 583 | |a last modification |c 20100531 00:00:00 |k Rodrigo Vera | ||
| 999 | |c 341156 |d 341154 | ||
| 952 | |0 0 |1 0 |4 0 |6 333_700000000000000_COL_2010 |7 0 |8 A |9 436449 |a BIBMEC |b BIBMEC |d 2019-11-22 |i 4681428 |o 333.7 COL 2010 |p 4681428 |r 2024-01-19 |w 2019-11-22 |y BK |k MEC | ||